01103nam a2200289Ia 4500001001200000003000800012006001900020007001500039008004100054020001500095040002100110035002000131050002700151100001900178245007900197260004800276300002500324500002000349533015200369650002500521650005800546655002900604700002000633710001700653856012600670999001700796ebr10073595CaPaEBRm u cr cn|||||||||040629s2005 maua s 001 0 eng d z1592005381 aCaPaEBRcCaPaEBR a(OCoLC)7077386114aML74.4.C83bG74 2005eb1 aGrebler, Eric.10aCubase SX 3 Ignite!h[electronic resource] /cEric Grebler, Chris Hawkins. aBoston, MA :bCourse Technology PTR,c2005. axiii, 276 p. :bill. aIncludes index. aElectronic reproduction.bPalo Alto, Calif. :cebrary,d2009.nAvailable via World Wide Web.nAccess may be limited to ebrary affiliated libraries. 0aSoftware sequencers. 0aSoundxRecording and reproducingxDigital techniques. 7aElectronic books.2local1 aHawkins, Chris.2 aebrary, Inc.40uhttp://site.ebrary.com/lib/rucke/Doc?id=10073595zAn electronic book accessible through the World Wide Web; click to view c34244d34244